00360nam a2200109Ia 4500008004100000082001700041100001500058245005700073942000600130952009900136999001500235240331s9999 xx 000 0 und d a302.234bSIV aSivakumar, 0aItu Rajaapattai alla :barticles on Tamil film world cL 001040708LaWERCLbWERCLcSSCd2024-03-31l0o 302.234 SIVp1631r2024-03-31w2024-03-31yL c1191d1191